01019 2200313 4500001002100000005001500021035002000036007000300056008004100059020002200100040002200122082001400144084001600158090002200174100004200196245010900238250003600347300005500383650002500438700004400463850001200507504003300519264003500552336002100587337003000608338002300638999002200661990002200683INLIS00000000088445220240228101055 a0010-0224000999ta240228s2023 yoia g ind d a978-623-5295-85-5 aYOPDYOGbinderda04223a630.7 a630.7 DES p aCB-D.11 2023-38050 aDessy Kushardiyantid1993-epengarang10aPemanfaatan teknologi informasi untuk penyuluhan pertanian /cDessy Kushardiyanti, Novy Khusnul Khotimah aEdisi pertama : Cetakan I, 2023 aviii, 71 halaman :bgrafik, tabel, gambar ;c24 cm 4aPenyuluhan pertanian0 aNovy Khusnul Khotimahd1986-epengarang aYOPDYOG aBibliografi: halaman [69]-7131aYogyakarta :bPlantaxia,c2023 2rdacontentateks 2rdamediaatanpa perantara 2rdacarrieravolume aCB-D.11/2023-3805 aCB-D.11/2023-3805